Statistiques concernant Open d'Australie : Palmarès Femmes

Cliquez ici pour prendre le quiz!

Statistiques générales

  • Ce quiz a été pris 103 fois
    (36 depuis la dernière actualisation)
  • Le résultat moyen est 37 sur 52

Statistiques - réponses

AnnéeRéponses% Correct
2014Li Na
96%
1994Steffi Graf
96%
1990Steffi Graf
96%
1988Steffi Graf
96%
1989Steffi Graf
96%
2008Maria Sharapova
93%
1984Martina Navrátilová
93%
1986Martina Navrátilová
93%
1982Martina Navrátilová
93%
2015Serena Williams
93%
2010Serena Williams
93%
2009Serena Williams
93%
2007Serena Williams
93%
2005Serena Williams
93%
2017Serena Williams
93%
2003Serena Williams
93%
2006Amélie Mauresmo
85%
1985Chris Evert
85%
1983Chris Evert
85%
1993Monica Seles
85%
1996Monica Seles
85%
1992Monica Seles
85%
1991Monica Seles
85%
2004Justine Henin
81%
1999Martina Hingis
81%
1998Martina Hingis
81%
1997Martina Hingis
81%
2019Naomi Osaka
74%
2011Kim Clijsters
70%
1971Margaret Smith Court
70%
1973Margaret Smith Court
70%
1970Margaret Smith Court
70%
1969Margaret Smith Court
70%
2000Lindsay Davenport
63%
1995Mary Pierce
63%
1978Evonne Goolagong
59%
1974Evonne Goolagong
59%
1976Evonne Goolagong
59%
1975Evonne Goolagong
59%
2016Angelique Kerber
52%
2001Jennifer Capriati
52%
2002Jennifer Capriati
52%
2018Caroline Wozniacki
44%
2012Victoria Azarenka
44%
2013Victoria Azarenka
44%
1972Virginia Wade
41%
2020Sofia Kenin
37%
1981Hana Mandlíková
33%
1987Hana Mandlíková
33%
1980Barbara Jordan
11%
1979Chris O'Neil
7%
1977Kerry Reid
4%

Distribution des résultats

Percentile par nombre de réponses

% des personnes avec chaque résultat

Votre développement - résultats

Vous n’avez pas pris ce quiz depuis la dernière actualisation